| 000 | 00899nam a2200253 a 4500 | ||
|---|---|---|---|
| 001 | 000006064 | ||
| 005 | 20240305140450.0 | ||
| 008 | 090826s2002 dr 001 0 spa d | ||
| 020 | _a9993483524 | ||
| 040 |
_aDO-SdBNP _bspa _cBNPHU |
||
| 082 |
_a365 _bM827p |
||
| 100 | 1 |
_aMora, Wilfredo, _d1965- _912701 |
|
| 245 | 1 | 0 |
_aPenitenciarismo dominicano / _cWilfredo Mora, prólogo; José A. Silié Gatón. |
| 260 |
_aSanto Domingo : _bPaulino, _c2002. |
||
| 300 |
_a140 p. ; _c20 cm. |
||
| 490 | 1 |
_aPensamiento crimonológico dominicano _v2 |
|
| 490 | 1 | _aCuadernos de la cárcel | |
| 500 | _aIncluye datos biográficos | ||
| 650 | 4 |
_aPrisiones _zRepública Dominicana _914299 |
|
| 650 | 4 |
_aPrisiones _zAmérica Latina _917068 |
|
| 700 | 1 |
_a Silié Gatón, José A., _d1920-2014 _eprólogo _9747 |
|
| 830 | 0 |
_aPensamiento criminológico dominicano ; _v2 _916874 |
|
| 830 | 0 |
_aCuadernos de la cárcel _917070 |
|
| 999 |
_c5860 _d5860 |
||